| 000 | 00632nam a2200217Ia 4500 | ||
|---|---|---|---|
| 003 | OSt | ||
| 005 | 20250301121208.0 | ||
| 008 | 210210b1970 xxu||||| |||| 00| 0 eng d | ||
| 040 | _cAL | ||
| 041 | _ahin | ||
| 082 | _aH891.4 BHAM | ||
| 100 |
_aBHATT (Mohanlal) _9203236 |
||
| 110 |
_bभट मोहनलाल _9203237 |
||
| 245 |
_aMahatma Gandhi atm sadhana: _bमहात्मा गाँधी आत्मा साधाना |
||
| 260 |
_aVardh _bRashtrbhasha Prachar Samiti _c1970 |
||
| 300 | _a236 | ||
| 650 |
_aMahatma Gandhi _9203238 |
||
| 690 |
_aHindi Prose _9203239 |
||
| 906 | _a029280 | ||
| 942 |
_2ddc _cBK |
||
| 999 |
_c80501 _d80501 |
||